zpět

Detail výsledku týmu

Le fakap - Vypich, Praha

Datum a čas kvízu

19.5 Celkem bodů Celkový počet nahraných bodů na tomto kvízu bez doplňovacích otázek.
6. Pořadí na kvízu Konečné umístění týmu na tomto kvízu.

Zaznamenané odpovědi

# Otázka Odpověď Body Výsledky
1. Opravdu kuriózní střet se odeh... 0
2. Spor mezi Makedonií a Řeckem o... 0
3. O tom, že v Praze vystoupí leg... 0.5
4. Minulý týden proběhl v německé... 0
5. Jakým výsledkem skončil úvodní... 0
6. My Češi jsme specialisté na př... 0
7. Jakou vžitou přezdívku mělo vo... 1
8. Jakou ptačí přezdívku dostal v... 1
9. V roce 1976 začala firma Merce... 1
10. Sovětský automobil vyšší střed... 0